00254nam a2200109Ia 4500008004100000041001200041082001100053100001500064245005200079260000600131650000700137221030s9999 xx 000 0 und d aEnglish a105.23 aG. M. Doss 0aCORBA Developers` Guide with XMLcby G. M. Doss c0 aMb